El tratamiento contable del fideicomiso en el Código Civil y Comercial de la Nación (Registro nro. 20762)
[ vista simple ]
| 000 -LEADER | |
|---|---|
| fixed length control field | 00374 a2200109 4500 |
| 001 - CONTROL NUMBER | |
| control field | ART_38042 |
| 005 - DATE AND TIME OF LATEST TRANSACTION | |
| control field | 20260410161803.0 |
| 008 - FIXED-LENGTH DATA ELEMENTS--GENERAL INFORMATION | |
| fixed length control field | 260409a |
| 100 1# - MAIN ENTRY--PERSONAL NAME | |
| Personal name | Papa, Rodolfo G. |
| 245 10 - TITLE STATEMENT | |
| Title | El tratamiento contable del fideicomiso en el Código Civil y Comercial de la Nación |
| 773 0# - HOST ITEM ENTRY | |
| Title | Doctrina Societaria y Concursal |
| Related parts | - Nº 338 (ene. 2016) |
| Record control number | REV4298 |
No hay ítems disponibles.